LEADER 01518nem0-2200445---450 001 990009649970403321 005 20170608113450.0 035 $a000964997 035 $aFED01000964997 035 $a(Aleph)000964997FED01 035 $a000964997 100 $a20121127d1968----km-y0itay50------ba 101 0 $aita 102 $aIT 120 $ab-y------bl-- 121 $aaa-aa---- 123 1 $aa$b1:25000$de0040000$ee0040730$fn0383000$gn0382500 124 $aa$bd$c--$da$e-$f--$g-- 200 1 $aStilo$bDocumento cartografico$fServizio geologico, Cassa per il mezzogiorno 206 $a1:25000 (E4°-E4°07'30''/N38°30'-N38°25') 210 $aErcolano (Na)$cPoligrafica e Cartevalori$d1968 215 $a1 carta$ccolor.$d44 x 37 cm su foglio 80 x 59 cm 225 1 $aCarta geologica d'Italia$v247, quadrante 3 NO 300 $aIl meridiano di riferimento è Monte Mario, Roma 300 $aDai tipi dell'Istituto Geografico militare 540 1 $aFoglio 247, quadrante III NO 540 1 $aMonasterace 540 1 $aRiace 540 1 $aCamini 610 0 $aCalabria$aCarte geologiche 710 02$aServizio geologico nazionale$0434454 711 02$aCassa per opere straordinarie di pubblico interesse nell'Italia meridionale$0287783 712 02$aIstituto geografico militare 801 0$aIT$bUNINA$gRICA$2UNIMARC 901 $aMP 912 $a990009649970403321 952 $aMP Cass.2 Geol. 25 (247,3)4$bIst. s.i.$fILFGE 959 $aILFGE 996 $aStilo$9839914 997 $aUNINA LEADER 02394nam 22004693u 450 001 9910454953903321 005 20210107001132.0 010 $a0-585-18711-8 035 $a(CKB)111004368575812 035 $a(EBL)1354377 035 $a(OCoLC)817089156 035 $a(MiAaPQ)EBC1354377 035 $a(EXLCZ)99111004368575812 100 $a20131216d2010|||| u|| | 101 0 $aeng 135 $aur|n|---||||| 200 12$aA Map of Mexico City Blues$b[electronic resource] $eJack Kerouac as Poet 210 $aCarbondale $cSouthern Illinois University Press$d2010 215 $a1 online resource (217 p.) 300 $aDescription based upon print version of record. 311 $a0-8093-1828-8 327 $aCover; Book Title; Copyright Page; Contents; Acknowledgments; 1. Introduction; 2. The Novelist as Poet; 3. Auto/Biography; 4. Keroac in Mexico, Mexico in Kerouac; 5. From Signing the Blues to Singing the Blues; 6. Kerouac's Religion(s); 7. The Tradition of Spontaneity; 8. Finding the Form; 9. Conclusion; Works Cited and Consulted; General Index; Index of Choruses; Author Bio; Back Cover 330 $a In this pioneering critical study of Jack Kerouac's book-length poem, Mexico City Blues-a poetic parallel to the writer's fictional saga, the Duluoz Legend-James T. Jones uses a rich and flexible neoformalist approach to argue his case for the importance of Kerouac's rarely studied poem. After a brief summary of Kerouac's poetic career, Jones embarks on a thorough reading of Mexico City Blues from several different perspectives: he first focuses on Kerouac's use of autobiography in the poem and then discusses how Kerouac's various trips t 606 $aBeat generation in literature 606 $aKerouac, Jack, 1922-1969 -- Poetic works 606 $aKerouac, Jack, 1922-1969. Mexico City blues 606 $aMexico -- In literature 608 $aElectronic books. 615 4$aBeat generation in literature. 615 4$aKerouac, Jack, 1922-1969 -- Poetic works. 615 4$aKerouac, Jack, 1922-1969. Mexico City blues. 615 4$aMexico -- In literature. 676 $a811.54 676 $a811/.54 700 $aJones$b James T$0126567 801 0$bAU-PeEL 801 1$bAU-PeEL 801 2$bAU-PeEL 906 $aBOOK 912 $a9910454953903321 996 $aA Map of Mexico City Blues$92037871 997 $aUNINA